| 000 | 00698nam a2200217Ia 4500 | ||
|---|---|---|---|
| 003 | GCL | ||
| 008 | 140319s9999 xx 000 0 ara d | ||
| 040 |
_aGCL / _cGCL |
||
| 082 | 0 | 4 |
_a784.3 _bم م |
| 100 | 1 | _aمحمد محمود سامى حافظ | |
| 245 | 1 | 0 |
_aالموسيقى المصرية الحديثة وعلاقتها بالغرب / _cمحمد محمود سامى حافظ |
| 260 |
_a[S.N] : _bمكتبة الانجلوالمصرية ، _c1982 |
||
| 300 | _a160 ص | ||
| 490 | _a | ||
| 650 | 0 | 4 | _aالعصر الحديث |
| 650 | 0 | 4 | _aمصر |
| 650 | 0 | 4 | _aتاريخ |
| 650 | 0 | 4 | _aالموسيقى الشرقية |
| 650 | 0 | 4 | _aالموسيقى الغنائية |
| 942 |
_2ddc _cBK |
||
| 999 |
_c36206 _d36206 |
||